Культура здорового образа жизни ( теория, методика, системы ) (Запись № 337338)

Подробности
000 -МАРКЕР
контрольное поле 01982nam0a2200349 4500
001 - ИДЕНТИФИКАТОР ЗАПИСИ
контрольное поле RU\NLR\bibl\1268145
005 - ИДЕНТИФИКАТОР ВЕРСИИ
контрольное поле 20260405171039.0
010 ## - МЕЖДУНАРОДНЫЙ СТАНДАРТНЫЙ НОМЕР КНИГИ (ISBN)
Номер (ISBN) 978-5-89237-226-8
Тираж 1100
021 ## - НОМЕР ГОСУДАРСТВЕННОЙ РЕГИСТРАЦИИ
Код страны Российская Федерация
Номер 2008-52637
Номер Листа государственной регистраци 2912
035 ## - ДРУГИЕ СИСТЕМНЫЕ НОМЕРА
Идентификатор записи (NLR Aleph) 001254051
100 ## - ДАННЫЕ ОБЩЕЙ ОБРАБОТКИ
Данные общей обработки 20080902d2008 |||y0rusy50 ca
101 0# - ЯЗЫК РЕСУРСА
Язык текста, звукозаписи и т.д. русский
102 ## - СТРАНА ПУБЛИКАЦИИ ИЛИ ПРОИЗВОДСТВА
Страна публикации Российская Федерация
105 ## - ПОЛЕ КОДИРОВАННЫХ ДАННЫХ: ТЕКСТОВЫЕ МАТЕРИАЛЫ, МОНОГРАФИЧЕСКИЕ
Кодированные данные о монографическом текстовом документе a |||||||||
200 1# - ЗАГЛАВИЕ И СВЕДЕНИЯ ОБ ОТВЕТСТВЕННОСТИ
Основное заглавие Культура здорового образа жизни ( теория, методика, системы )
Сведения, относящиеся к заглавию учебное пособие
Первые сведения об ответственности Г.М. Соловьев, Н.И. Соловьева
210 ## - ПУБЛИКАЦИЯ, РАСПРОСТРАНЕНИЕ И ДР.
Место издания, распространения и т.д. Москва
Имя издателя, распространителя и т. д. Илекса
Дата издания, распространения и т.д. 2008
215 ## - ФИЗИЧЕСКАЯ ХАРАКТЕРИСТИКА
Специфическое обозначение материала и объем 431 с.
Другие сведения о физической характеристике ил.
Размеры 20
300 ## - ОБЩИЕ ПРИМЕЧАНИЯ
Текст примечания На 4-й с. обл. авт.: Соловьев Г.М., д.п.н., проф., засл. работник физ. культуры РФ, засл. проф. Ставроп. гос. ун-та, акад. Междунар. акад. пед. образования, Соловьева Н.И., к.п.н.
320 ## - ПРИМЕЧАНИЯ О НАЛИЧИИ В ДОКУМЕНТЕ БИБЛИОГРАФИИ / УКАЗАТЕЛЯ
Текст примечания Библиогр.: с. 378-382 (89 назв.)
606 1# - НАИМЕНОВАНИЕ ТЕМЫ КАК ПРЕДМЕТ
Наименование темы Учащиеся
Формальный подзаголовок Учебные издания
Тематический подзаголовок Воспитание здорового образа жизни
Системный номер авторитетной/нормативной записи 2445805
Идентификатор авторитетной/нормативной записи RU\NLR\auth\661454645
606 1# - НАИМЕНОВАНИЕ ТЕМЫ КАК ПРЕДМЕТ
Наименование темы Учащиеся
Формальный подзаголовок Учебные издания
Тематический подзаголовок Физическое воспитание
Системный номер авторитетной/нормативной записи 2464616
Идентификатор авторитетной/нормативной записи RU\NLR\auth\661464227
606 1# - НАИМЕНОВАНИЕ ТЕМЫ КАК ПРЕДМЕТ
Наименование темы Здоровье
Формальный подзаголовок Учебные издания
Тематический подзаголовок Влияние образа жизни
Системный номер авторитетной/нормативной записи 1187547
Идентификатор авторитетной/нормативной записи RU\NLR\auth\66478790
686 ## - ИНДЕКСЫ ДРУГИХ КЛАССИФИКАЦИЙ
Индекс Ч313.54я7
686 ## - ИНДЕКСЫ ДРУГИХ КЛАССИФИКАЦИЙ
Индекс Р120.4я7
700 #1 - ИМЯ ЛИЦА - ПЕРВИЧНАЯ ОТВЕТСТВЕННОСТЬ
Код отношения Автор
Графика поля Кириллица
Материалы, к которым относится поле rus
Начальный элемент ввода Соловьев
Часть имени, кроме начального элемента ввода Г. М.
Дополнения к именам, кроме дат д-р пед. наук
Даты 1947-
Расширение инициалов личного имени Геннадий Михайлович
Системный номер авторитетной/нормативной записи 7380
Идентификатор авторитетной/нормативной записи RU\NLR\auth\7724329
701 #1 - ИМЯ ЛИЦА - АЛЬТЕРНАТИВНАЯ ОТВЕТСТВЕННОСТЬ
Код отношения Автор
Графика поля Кириллица
Материалы, к которым относится поле rus
Начальный элемент ввода Соловьева
Часть имени, кроме начального элемента ввода Н. И.
Дополнения к именам, кроме дат канд. пед. наук
Расширение инициалов личного имени Наталья Ивановна
Системный номер авторитетной/нормативной записи 55676
Идентификатор авторитетной/нормативной записи RU\NLR\auth\7772748
801 #0 - ИСТОЧНИК ЗАПИСИ
Страна Российская Федерация
Организация NLR
Дата составления 20080902
Правила каталогизации RCR
801 #1 - ИСТОЧНИК ЗАПИСИ
Страна Российская Федерация
Организация NLR
Дата составления 20080902
942 ## - ДОПОЛНИТЕЛЬНЫЕ ЭЛЕМЕНТЫ ЗАПИСИ (АБИС)
Тип экземпляра АБИС Книга
980 ## - КОЛЛЕКЦИЯ
Название коллекции Национальная библиография
Экземпляры
Тип экземпляра Дата поступления Источник поступления Библиотека постоянного хранения Библиотека текущего хранения Место хранения Шифр хранения Штрих-код Статус экземпляра
Книга 02.09.2008 Обязательный экземпляр РНБ (Московский) РНБ (Московский) Русский книжный фонд: издания с 1957 года 2008-3/26180 2744549